NFL best running backs of the decade - Statistics

General Stats
  • This quiz has been taken 137 times
  • The average score is 11 of 15
Answer Stats
Answer % Correct
Vikings, Cardinals, Redskins Adrian Peterson
92%
Cowboys Ezekiel Elliott
89%
Bills, Seahawks, Raiders Marshawn Lynch
88%
Panthers Christian McCaffrey
83%
Steelers, Jets Le'Veon Bell
83%
Rams Todd Gurley
83%
Eagles, Bills, Chiefs LeSean McCoy
82%
49ers, Colts, Dolphins, Bills Frank Gore
80%
Saints, Ravens Mark Ingram
74%
Cowboys, Eagles, Titans Demarco Murray
69%
Chiefs, Broncos, Jaguars Jamaal Charles
69%
Bears, Jets Matt Forte
67%
Buccaneers, Patriots, Steelers, Eagles, Lions LeGarrette Blounte
61%
Texans, Dolphins Arian Foster
58%
Chargers, Saints, Eagles Darren Sproles
46%
No matching quizzes found
Score Distribution
Percent of People with Each Score
Percentile by Number Answered
Your Score History
You have not taken this quiz